| 000 | 00816nam a2200193Ia 4500 | ||
|---|---|---|---|
| 008 | 151121s9999||||xx |||||||||||||| ||und|| | ||
| 082 | _a500/देवगि | ||
| 082 | _bHNW-12042 | ||
| 100 | _aदेवगिरीकर त्र्यंबक रघुनाथ | ||
| 245 | _aवसाहतीचें स्वराज्य | ||
| 260 | _bराष्ट्रीय विचार प्रसारक मंडळ पुणे | ||
| 260 | _c-- | ||
| 300 | _a194 | ||
| 600 | _aदेवगिरीकर त्र्यंबक रघुनाथ | ||
| 630 | _aवसाहतीचें स्वराज्य | ||
| 700 | _aदेवगिरीकर त्र्यंबक रघुनाथ | ||
| 730 | _aवसाहतीचें स्वराज्य | ||
| 942 | _cBOOK | ||
| 999 |
_c1216654 _d1216651 |
||